La moral cristiana: en el confín de la historia y la eternidad
Saved in:
| Main Authors: | , |
|---|---|
| Format: | Bog |
| Sprog: | spansk |
| Udgivet: |
Madrid
Rialp
1975
|
| Serier: | Naturaleza e Historia
|
| Fag: | |
| Tags: |
Tilføj Tag
Ingen Tags, Vær først til at tagge denne postø!
|
MARC
| LEADER | 00000nam a2200000 a 4500 | ||
|---|---|---|---|
| 001 | UCI7176 | ||
| 003 | CL-VaPUC | ||
| 008 | 080613e19750000SP |||||||||||||||||spa|d | ||
| 020 | |a 8432118230 | ||
| 082 | 0 | 4 | |a 241 |b GAR |2 21 |
| 100 | 0 | |a García de Haro, R |e author |9 530314 | |
| 700 | 0 | |a Celaya, I. de |e author |9 530315 | |
| 245 | 1 | 3 | |a La moral cristiana: en el confín de la historia y la eternidad |
| 300 | |a 267 p | ||
| 942 | |c BK | ||
| 945 | |d 20080613 00:00:00 |a jtorresc | ||
| 260 | |a Madrid |b Rialp |c 1975 | ||
| 650 | 0 | |a Teología moral |9 256617 | |
| 650 | 0 | |a Moral cristiana |9 464237 | |
| 650 | 0 | |a Cristianos |9 257805 | |
| 650 | 0 | |a Iglesia Católica |9 256114 | |
| 583 | |a last modification |c 20080613 00:00:00 |k Rodrigo Vera | ||
| 490 | 0 | |a Naturaleza e Historia | |
| 999 | |c 330531 |d 330529 | ||
| 952 | |0 0 |1 0 |4 0 |6 241_000000000000000_GAR_1975 |7 0 |8 A |9 416108 |a BIBTEO |b BIBTEO |d 2019-11-22 |i 4448456 |o 241 GAR 1975 |p 4448456 |r 2025-01-17 |w 2019-11-22 |y BK |k ICR | ||